000 00570nam a2200193Ia 4500
003 IN-BaIIA
008 211028s9999 xx 000 0 eng d
040 _cIIA Library
080 _a539.31
_bSOK
100 _aSokolnikoff, I. S.
_91687
245 0 _aMathematical theory of elasticity
_cI. S. Sokolnikoff
250 _a1st ed.
260 _aNew York
_bMcGraw-Hill
_c1946
300 _axi, 373p.
650 _aElastic Properties
_91688
650 _aMathematical theory
_91689
650 _aPlastic properties
_91690
942 _cBK
999 _c784
_d784